[Event "Olympiad-33"]
[Site "Elista"]
[Date "1998.09.30"]
[Round "2.1"]
[White "Van Wely, Loek"]
[Black "Rahman, Ziaur"]
[Result "0-1"]
[WhiteElo "2635"]
[BlackElo "2500"]
[Annotator "Tsesarsky,I"]
[PlyCount "60"]
[EventDate "1998.09.29"]
[EventType "team-swiss"]
[EventRounds "13"]
[EventCountry "RUS"]
[SourceTitle "CBM 068"]
[Source "ChessBase"]
[SourceDate "1999.02.01"]
[SourceVersion "1"]
[SourceVersionDate "1999.02.01"]
[SourceQuality "1"]
[WhiteTeam "Netherlands"]
[BlackTeam "Bangladesh"]
[WhiteTeamCountry "NED"]
[BlackTeamCountry "BAN"]

{[%mdl 8752]} 1. d4 d5 2. c4 e6 3. Nc3 c6 4. e4 Bb4 5. e5 (5. cxd5 exd5 6. exd5
$6 $11 {1-0 Kouatly,B-Bacrot,E/Meribel 1998/CBM 67_05] (35)} (6. e5 Ne7 (6...
c5 7. a3 Ba5 8. Bd2 Nc6 (8... cxd4 9. Nb5 Nc6 10. Bxa5 Qxa5+ 11. b4 Qb6 12.
Nd6+ Kf8 13. f4 $44) 9. dxc5 Bxc3 10. Bxc3 (10. bxc3 Qe7 11. f4 Qxc5 12. Nf3
Nge7 $132) 10... d4 11. Bd2 Qe7 (11... Nxe5 12. Nf3 Nxf3+ 13. Qxf3 Qe7+ 14. Be2
Nf6 15. Bg5 O-O 16. O-O $14) 12. f4 Qxc5 $1 (12... f6 13. Nf3 Bg4 14. Bb5 fxe5
15. fxe5 Nf6 16. O-O Ne4 17. Be1 $16 {1-0 Hauchard Arnaud-Pavasovic Dusko/It 
(open), Cannes (France) 1996 (31)} (17. b4 $16)) 13. Rc1 Qb6 14. b4 Bf5 $11) 7.
Bd3 c5 8. Bd2 (8. a3 Bxc3+ 9. bxc3 Nbc6 10. Ne2 Bf5 11. Bg5 Qd7 $11 {1/2-1/2
Murshed,N-Dreev,A/32nd ol, Yerevan ARM 1996 (22)}) 8... O-O 9. a3 cxd4 (9...
Ba5 $2 10. dxc5 Bxc3 11. Bxc3 Bf5 $16 (11... d4 $2 12. Bxd4 $18 {1-0 Lindemann,
S-Lipinsky,F/BL2-N 1996/BL2 (49)})) 10. axb4 dxc3 11. bxc3 Bf5 $11)) (5. exd5
exd5 6. Nf3 Qe7+ (6... Nf6 7. Bd3 O-O 8. O-O Bg4 $132 {0-1 Tarrasch
Siegbert-Teichmann Richard/Monaco 1903 (38)}) 7. Be2 dxc4 8. O-O b5 9. Ne5 Bb7
10. Re1 Bxc3 11. bxc3 Nf6 12. Bxc4 $1 $18) 5... Ne7 (5... c5 $5) 6. a3 (6. Bg5
Qc7 7. Bxe7 Qxe7 8. Nf3 a6 9. Be2 Bxc3+ 10. bxc3 dxc4 11. Bxc4 b5 12. Bd3 Nd7
13. O-O c5 $14 {1-0 Bruges,W-NN/Scotland 1979 (38)}) (6. f4 Nd7 7. Nf3 Nb6 8.
c5 Nd7 9. Bd3 b6 10. cxb6 axb6 11. O-O O-O 12. Qc2 g6 13. Be3 c5 $132 {0-1
Henderson,H-Skidmore,J/09.02 R02 USA East Lansing MI MI-op 1995 (62)}) (6. Nf3
Nd7 (6... dxc4 7. Bxc4 Nd5 (7... c5 8. a3 Ba5 9. O-O Nbc6 10. d5 exd5 11. Nxd5
h6 12. Qb3 Be6 13. Rd1 Qc8 14. Be3 $16 {1-0 Zilberstein,D-Bhat,V/USA-chJ
Washington ,EXT 1995 (20)}) 8. Bd2 Bxc3 9. bxc3 $14 {0-1 Marshall,F-Daniels,J/
Kansas City simultan 1915 (24)}) (6... b6 7. Bd2 Ba6 8. Rc1 O-O 9. Bd3 Nf5 10.
Qe2 dxc4 11. Bxc4 Bxc4 12. Qxc4 Bxc3 13. Rxc3 Qd5 14. Qxd5 exd5 $14 {1-0
Lesiege,A-O'Donnell,T/Quebeck ,EXT 1994 (26)}) (6... c5 7. dxc5 Nbc6 8. Bd2
Bxc5 9. Be2 O-O 10. O-O dxc4 11. Bxc4 Ng6 12. Re1 $11 {1/2-1/2 Dao Thien
Hai-Rahman,Z/Elista RUS 1998 (22)}) 7. cxd5 Nxd5 8. Bd2 Be7 9. Bd3 (9. Nxd5
exd5 (9... cxd5 $14) 10. Bd3 Nf8 11. h3 Ne6 $132) 9... Nb4 10. Be4 b6 (10... c5
11. O-O cxd4 12. Nb5) 11. a3 Nd5 12. O-O a5 13. Rc1 Ba6 14. Re1 $14 {1-0
Tisdall,J-Madsen,D/NOR-ch 1996/EXT 96ch2/[Tisdall] (30)}) 6... Bxc3+ 7. bxc3 c5
(7... b6 8. Qg4 $14 (8. cxd5 Qxd5 9. Nf3 c5 10. c4 (10. dxc5 Qxc5 $11) (10.
Bb5+ Bd7 11. Bd3) (10. Bd3 cxd4 11. cxd4 Bb7 12. O-O Nbc6 $11) 10... Qe4+ $132
{1/2-1/2 Borisenko,G-Kortchnoi,V/Moscow 1955 (57)})) (7... O-O 8. Nf3 b6 9. Bd3
$14 {1/2-1/2 Molvig,H-Qvortrup,J/Copenhagen 1993 (16)}) 8. cxd5 (8. Nf3 Nbc6 (
8... cxd4 9. cxd4 b6 10. Bg5 Nbc6 11. Rc1 h6 12. Bxe7 Nxe7 13. c5 $14) 9. Be2
cxd4 10. cxd4 b6 11. O-O Ba6 12. cxd5 Bxe2 13. Qxe2 Qxd5 $15 {0-1 Baburin,
A-Ivanov,S/Kstovo op 1994/EXP 42 (37)}) 8... Qxd5 $1 9. Nf3 (9. Qg4 cxd4 10.
cxd4 Nf5 11. Nf3 Nc6 12. Bb2 Qa5+ 13. Nd2 O-O 14. Rc1 Rd8 15. Rc5 Qb6 16. Rb5 (
16. Nc4 Qb3 $17) 16... Qc7 $15) 9... Nbc6 (9... cxd4 10. cxd4 Bd7 (10... Nbc6
11. Bb2 Nf5 12. Be2 O-O 13. O-O Rd8 14. Rc1 Nfxd4 15. Nxd4 Nxd4 16. Bxd4 Qxd4
17. Qxd4 Rxd4 18. Rc7 Rd7 19. Rfc1 Rxc7 20. Rxc7 a6 21. f4 b5 22. Kf2 Rb8 23.
Bf3 a5 24. Ra7 b4 25. Rxa5 b3 26. Ra8 Rxa8 27. Bxa8 b2 28. Be4 Bb7 29. Bb1 h6 (
29... Kf8 30. g3 Ke7 31. Ke3 Kd7 32. Kd4 $16) 30. g3 g5 31. Ke3 f5 32. exf6 Kf7
33. Kd4 Kxf6 34. Kc3 gxf4 35. gxf4 e5 36. fxe5+ Kxe5 37. Kxb2 Kf4 38. Kc3 Kg4
39. Kd4 Kh3 40. Be4 Bc8 $11) 11. Rb1 Bc6 12. Bd3 O-O 13. O-O h6 14. Qe2 Nd7 15.
Bc4 Qe4 16. Be3 Qg4 17. h3 Bxf3 18. hxg4 Bxe2 19. Bxe2 Nb6 20. Rfc1 Ned5 $11)
10. Bd3 cxd4 11. cxd4 b6 (11... Nf5 12. Bb2 O-O 13. Rc1 Rd8 14. Rc5 Qd7 (14...
Qa2 15. Qc2 Ncxd4 (15... h6 16. Bc4 $18) 16. Nxd4 Nxd4 17. Bxh7+ Kh8 18. Qb1
Qxb1+ 19. Bxb1 $16) 15. Bxf5 exf5 16. d5 Ne7 17. d6 b6 18. Rc1 Ng6 19. O-O (19.
Qb3 $2 Ba6 20. Rc7 Qe8 21. Ng5 (21. Rxf7 Qxf7 22. e6 Re8 $19) 21... Nxe5 22.
Re7 Nd3+ (22... Rxd6 $1 23. Rxe5 (23. Rxe8+ Rxe8 $19) 23... Qd7 24. Qxf7+ Qxf7
25. Nxf7 Kxf7 26. Rxf5+ Kg6 27. Re5 Rad8 $19) 23. Kd2 Qxe7 24. dxe7 Nc5+ 25.
exd8=Q+ Rxd8+ 26. Kc2 Nxb3 27. Kxb3 $16) 19... Ba6 20. Re1 Rac8 21. Rxc8 Rxc8
22. Nd4 Nf4 23. Qd2 Nd3 24. Re3 Nxb2 25. Qxb2 Rc5 26. f4 $16) 12. O-O Bb7 13.
Bb2 (13. Be3 Rd8 14. Qa4 O-O 15. Rfd1 $11) 13... h6 (13... O-O $5 14. Qc2 (14.
Bxh7+ $2 Kxh7 15. Ng5+ Kg8 (15... Kg6 16. Qg4 Nxe5 17. dxe5 Qxg2+ 18. Qxg2 Bxg2
19. Nxe6 (19. Kxg2 Kxg5 $17) 19... Bxf1 20. Nxf8+ Rxf8 21. Kxf1 Rh8 $15) 16.
Qh5 Rfe8 17. Qxf7+ Kh8 18. Qh5+ (18. Nxe6 Qxg2+ 19. Kxg2 Nxe5+ 20. Kg3 Nxf7 $19
) 18... Kg8 19. f3 $1 $16 (19. Qf7+ $11) (19. Qh7+ Kf8 20. Qh8+ Ng8 21. Nh7+
Kf7 22. Ng5+ Kf8 $11)) 14... h6 15. Rfc1 $132) 14. Re1 O-O 15. Re4 $5 (15. Be4
Qd7 16. a4 (16. Re2 Na5 $15) 16... Na5 $15 (16... Rac8 17. Ba3 Rfd8 18. Qe2 Nd5
$15)) 15... Qd7 16. Rg4 $5 (16. h4 $1 Nd5 (16... Rfd8 17. h5 Nd5 18. Rg4 Nce7
19. Qd2 Nf5 20. Nh4 $132) 17. Rg4 $132) 16... Nf5 17. Bxf5 (17. Rf4 $2 Nce7 18.
h4 (18. g4 Ng6 19. Rxf5 exf5 20. gxf5 (20. Bxf5 Qd5 $19) 20... Nf4 $17) 18...
Ng6 19. Rg4 Rad8 20. h5 Bxf3 21. Qxf3 Nxe5 22. dxe5 Qxd3 $17) 17... exf5 18.
Rxg7+ $4 (18. Rg3 $1 f4 19. Rh3 Ne7 20. Ne1 Rac8 21. Qh5 Rfd8 $132) 18... Kxg7
19. d5 Kh7 $1 (19... Kg8 20. dxc6 (20. Qd2 f4 21. Qxf4 Qxd5 22. Qg4+ Kh8 (22...
Kh7 23. Qf5+ Kg8 24. Qg4+ $11) 23. e6+ f6 24. Qg6 Qxe6 25. Qxh6+ Kg8 26. Qg6+
$11) 20... Qxd1+ 21. Rxd1 Bxc6 $19) 20. Ng5+ (20. dxc6 Qxd1+ 21. Rxd1 Bxc6 $19)
20... Kg6 $1 21. Nh3 (21. dxc6 Qxd1+ 22. Rxd1 Bxc6 23. Nh3 Rac8 $19) 21... Ne7
22. Nf4+ (22. d6 Rad8 $19) 22... Kh7 23. Qh5 Qa4 24. Bc1 Qd4 25. Ne6 Qxe5 26.
Qxh6+ Kg8 27. Qg5+ Ng6 28. h4 Qxa1 29. Nxf8 Rxf8 30. h5 Rc8 0-1

[Event "RUS-ch51"]
[Site "St Petersburg"]
[Date "1998.07.28"]
[Round "1"]
[White "Khalifman, Alexander"]
[Black "Galkin, Alexander"]
[Result "1/2-1/2"]
[WhiteElo "2645"]
[BlackElo "2540"]
[Annotator "Tsesarsky,I"]
[PlyCount "21"]
[EventDate "1998.07.28"]
[EventType "swiss"]
[EventRounds "11"]
[EventCountry "RUS"]
[SourceTitle "CBM 067"]
[Source "ChessBase"]
[SourceDate "1998.11.30"]
[SourceVersion "2"]
[SourceVersionDate "1998.11.01"]
[SourceQuality "1"]

{[%mdl 4]} 1. d4 d5 2. Nf3 c6 3. c4 e6 4. Nc3 dxc4 5. Bg5 Qc7 6. a4 (6. e4 b5
7. Be2 Bb7 8. O-O Nf6 (8... Nd7 9. a4 b4 10. Nb1 Ngf6 11. e5 Ne4 12. Bxc4 Nxg5
13. Nxg5 Be7 14. Nxf7 Kxf7 15. Bxe6+ Ke8 16. Nd2 Nf8 17. Bb3 Rd8 18. Qf3 $40 {
0-1 Matamoros,C-Dao Thien Hai/Moscow olm ECU-VIE 1994/EXP 44 (46)}) 9. a4 a6
10. axb5 cxb5 11. Bxf6 gxf6 12. d5 Bc5 13. dxe6 fxe6 14. Nd4 Qd7 15. Bh5+ Kf8
$19 {0-1 Makarov,M-Galkin,A/Russian Club Cup, Maikop RUS 1998 (39)}) (6. e3 b5
7. a4 Bb4 8. Nd2 Qb6 9. Qf3 Bb7 10. Qg3 Nd7 11. Bf4 Ngf6 12. Be2 Nd5 13. Nxd5
cxd5 14. Qxg7 O-O-O 15. Rd1 $132 {0-1 Ruban,V-Sherbakov,R/Anapa 1991/TD 91\03 
(37)}) 6... Bb4 7. e4 b5 8. Be2 (8. Nd2 a6 9. axb5 cxb5 10. Nxb5 axb5 11. Rxa8
Bb7 12. Ra1 Bxe4 13. Qg4 f5 14. Qg3 $14 {1/2-1/2 Bagirov,V-Chekhov,V/USSR 1982/
Inf 34 (31)}) (8. g3 Nf6 9. Bxf6 gxf6 10. Bg2 Bb7 11. O-O Nd7 12. axb5 Bxc3 13.
bxc3 cxb5 14. d5 Nc5 15. Nd4 $44 {1-0 McCambridge,V-Strugatsky,V/San Mateo
rapid 1989/EXT 89 (22)}) 8... Nd7 (8... Nf6 9. Bxf6 gxf6 10. O-O Bxc3 11. bxc3
Bb7 12. axb5 cxb5 13. d5 a6 14. dxe6 fxe6 15. Nd4 Nd7 16. Nxe6 Qe5 17. Bg4 $14
{0-1 Gaprindashvili,N-Kilpi,T/Helsinki op 1992/CBM 32 (28)}) 9. d5 (9. O-O Ngf6
10. axb5 Bxc3 11. bxc3 (11. bxc6 Bxb2 12. cxd7+ Bxd7 13. Rb1 c3 $17) 11... Nxe4
12. Bxc4 Nxc3 13. Qb3 cxb5 14. Bxe6 O-O 15. Bf5 $44) (9. axb5 Bxc3+ (9... cxb5
10. O-O Qb7 11. Qc2 Ngf6 12. e5 Nd5 13. Bd2 Be7 14. b3 Nxc3 15. Qxc3 cxb3 16.
Qxb3 a6 17. Bb4 Bxb4 18. Qxb4 Nb6 19. Rfc1 Nd5 20. Qc5 Bd7 21. Ng5 $44) 10.
bxc3 cxb5 11. d5 a6 12. Nd4 Bb7 13. dxe6 fxe6 14. Nxe6 Qe5 15. Nxg7+ $1 Kf8 (
15... Qxg7 $4 16. Bh5+ $18) 16. Qd4 Kxg7 17. Qxd7+ Kf8 18. Qf5+ Qxf5 19. exf5
Bxg2 20. Rg1 Be4 21. f6 $132) 9... Ngf6 (9... Ndf6 10. d6 (10. dxe6 Bxe6 11.
Qc2 h6 12. Be3 Ne7 $15) 10... Bxd6 11. axb5 Bb4 12. Qa4 Bxc3+ 13. bxc3 Nxe4 14.
Qxc4 Nxg5 15. Nxg5 Ne7 $15) 10. dxc6 (10. dxe6 Bxc3+ (10... fxe6 11. Qc2 Nc5
12. axb5 (12. Bxf6 gxf6 13. axb5 cxb5 14. O-O Bd7 $17) 12... Nfxe4 13. bxc6
Qxc6 (13... Bxc3+ 14. bxc3 Nxg5 15. Nxg5 Qf4 16. Nf3 $14) 14. O-O Bxc3 15. bxc3
O-O 16. Be7 $14) 11. bxc3 fxe6 12. Qb1 a6 $44) 10... Qxc6 (10... Bxc3+ 11. bxc3
Qxc6 12. axb5 Qxb5 $44) 11. axb5 $15 (11. axb5 Bxc3+ (11... Qxb5 12. Bxf6 (12.
Qc2 Bb7 13. O-O Bxc3 14. Qxc3 Bxe4 $17) 12... Nxf6 13. Nd2 Qb7 $15)) 1/2-1/2

[Event "Pamplona 9798 8th"]
[Site "Pamplona"]
[Date "1997.12.31"]
[Round "4"]
[White "Granda Zuniga, Julio E"]
[Black "Lutz, Christopher"]
[Result "0-1"]
[WhiteElo "2620"]
[BlackElo "2555"]
[Annotator "Tsesarsky,I"]
[PlyCount "126"]
[EventDate "1997.12.28"]
[EventType "tourn"]
[EventRounds "9"]
[EventCountry "ESP"]
[EventCategory "13"]
[SourceTitle "CBM 063"]
[Source "ChessBase"]
[SourceDate "1998.03.26"]
[SourceVersion "1"]
[SourceVersionDate "1998.03.26"]
[SourceQuality "1"]

1. d4 d5 2. c4 e6 3. Nc3 Be7 4. cxd5 exd5 5. Bf4 c6 6. Qc2 Bd6 7. Bg3 (7. Bxd6
$5 Qxd6 8. e3 Nf6 $6 (8... Ne7 $1 9. Bd3 g6 10. Nge2 (10. f3 O-O 11. Nge2 Nf5
$11) 10... Bf5 11. O-O O-O 12. f3 Bxd3 13. Qxd3 Nd7 14. e4 f6 $11 {0-1
Timoshchenko,G-Fokin/Novosibirsk 1986 (45)}) (8... Qg6 $6 9. Qd2 Nd7 (9... Ne7
10. Nge2 O-O 11. Ng3 Nd7 12. Bd3 Qh6 13. O-O Nf6 14. b4 Bd7 15. a4 Rad8 16. b5
$14 {1-0 Azmaiparashvili,Z-Gomez Esteban,J/Toledo 1991 (54)}) 10. Nge2 (10. f3
Nb6 11. Bd3 Qh6 12. Qf2 Ne7 13. Nge2 Nf5 14. Nd1 O-O 15. O-O Be6 16. e4 Ne7 17.
Ng3 f5 $1 $11 {1/2-1/2 Kramnik,V-Belikov,V/RSFSR-ch Kuibishev 1990 (25)}) 10...
Ngf6 11. Nf4 Qh6 12. Bd3 O-O 13. O-O Re8 14. b4 $14) 9. Bd3 Be6 10. Nge2 Nbd7
11. O-O O-O 12. Rfc1 Rfe8 13. Rab1 Nf8 14. b4 $14 {1-0 Beliavsky,A-Geller,E/
Moscow izt 1982 (32)}) 7... Ne7 8. e3 Bf5 (8... Nf5 9. Bd3 (9. Bxd6 Nxd6 10.
Nge2 Bf5 11. Qd2 Nd7 12. Ng3 Bg6 13. Be2 Nf6 14. O-O O-O 15. f3 Re8 $11 {
1/2-1/2 Dokhoian,Y-Neckar,L/Werfen op 1991 (26)}) 9... Nxg3 10. hxg3 h6 11.
Nge2 (11. Nf3 Nd7 12. g4 Nf8 13. g5 Bg4 14. g6 Qf6 15. gxf7+ Qxf7 16. Ne5 Bxe5
17. dxe5 g5 18. f3 Bd7 19. O-O-O O-O-O 20. Nb5 Kb8 21. Nd6 Qe7 22. f4 $132 {
1-0 Sakaev,K-Lputian,S/URS-ch58 Moscow 1991 (59)}) 11... Nd7 12. O-O-O Nf6 13.
Kb1 Be6 14. Nf4 Bxf4 15. gxf4 $16 {1-0 Stern,R-Sonntag,H/BL 1992 (46)}) 9. Bd3
(9. Qb3 Bxg3 10. hxg3 Qb6 11. Be2 (11. Nf3 Nd7 (11... Qxb3 12. axb3 Nd7 $11)
12. Nh4 Qxb3 13. axb3 Be6 $11 {1/2-1/2 Gulko,B-Lputian,S/Glendale USA-ARM 1994
(48)}) (11. f3 Na6 12. g4 Bg6 13. Kf2 (13. Qxb6 axb6 14. a3 {/\ Nh3+/= Bareev})
13... Qxb3 14. axb3 Nb4 15. Nh3 Bc2 $10 {1-0 Bareev,E-Petrosian,A/Moscow
GMA-op 1989 (54)}) 11... Nd7 (11... Na6 12. g4 Bg6 13. Nh3 (13. Nf3 f6 14. Na4
Qxb3 15. axb3 Nc7 16. Nc5 b6 17. Na6 Kd7 $11 {1/2-1/2 Sadler,M-Lputian,S/32nd
ol, Yerevan ARM 1996 (52)}) 13... Nb4 14. Kd2 $5 $13 {Bareev}) 12. g4 $1 Qxb3 (
12... Bg6 13. Nh3 O-O 14. Nf4 Rfe8 15. Nxg6 Nxg6 16. Qc2 Nf6 17. O-O-O Qa5 18.
Kb1 b5 19. g5 Nd7 20. Bd3 $16 {0-1 Mozetic,D-Petronijevic,Z/JUG-chT Cetinje
1992 (48)}) (12... Be6 13. Nh3 O-O-O (13... Qxb3 $5 14. axb3 a6 15. Ng5 $14)
14. Qa3 $1 Rhe8 15. Nf4 h6 16. b4 Kb8 17. Rb1 Ng6 18. Nd3 $1 $14 {1-0 Bareev,
E-Khalifman,A/URS-ch57 Leningrad 1990 (43)} (18. Nxe6 Rxe6 $14)) 13. axb3 Ng6
14. b4 O-O 15. Nh3 a6 16. Nf4 Nf6 17. Nxg6 hxg6 {1/2-1/2 Dziuba
Marcin-Grigoriants Sergey/Ch Europe (cadets) (under 14) 1997}) (9. Qd2 O-O 10.
Nf3 Ng6 11. Be2 Re8 12. Bxd6 Qxd6 13. h4 Nd7 14. h5 Ne7 15. Nh4 Be6 16. g4 Nf6
17. f3 Qg3+ 18. Kd1 c5 $132 {1/2-1/2 Moskalenko,V-Kharitonov,A/Alushta2 1994 
(55)}) 9... Bxd3 10. Qxd3 O-O 11. Nge2 (11. Nf3 Ng6 12. Rb1 a5 13. a3 (13. Qc2
$5) 13... a4 14. Qc2 b5 $132 {1-0 Lauber,A-Kapteina,S/GER-chJ U17 1992 (44)})
11... Na6 12. a3 Rc8 13. b4 Nc7 $11 14. Rb1 (14. Bxd6 Qxd6 15. O-O Rfe8 $11)
14... Ne6 15. Na4 b6 (15... Re8 16. Nc5 Bxc5 17. bxc5 b6 18. Bd6 bxc5 19. dxc5
Qa5+ 20. Qc3 Qxc3+ 21. Nxc3 d4 22. exd4 Nxd4 23. O-O Nef5 24. Rfd1 $14) 16.
Nac3 Qd7 (16... Re8 17. O-O Bxg3 18. Nxg3 Qd6 $132) 17. O-O Bxg3 18. hxg3 Rfd8
19. Rfd1 (19. Rfc1 Rc7 20. a4 Nc8 21. Nf4 (21. b5 c5 $132) 21... Nd6 $11) 19...
Qe8 (19... Rc7 20. Rb2 Nc8 $11) 20. Rb2 f6 $6 21. Qb1 (21. a4 $5 Qg6 22. Qxg6
hxg6 $14) 21... b5 $5 22. Nc1 Qg6 $6 $14 (22... Rc7 23. Nb3 Nc8 24. Na5 Nb6 25.
Rc1 Nc4 $132) 23. Qxg6 hxg6 24. g4 (24. a4 a6 25. Nd3 Kf7 (25... Ra8 26. Ra1
$14) 26. Nc5 Nxc5 27. bxc5 Ke6 28. Ra1 $14) 24... Rc7 (24... Kf7 25. Nd3 g5 26.
a4 a6 27. Ra1 $14) 25. Nb3 (25. a4 a6 26. Nd3 $14) 25... Nc8 26. a4 a6 $6 (
26... bxa4 27. Nxa4 $14) 27. Nc5 $1 $16 (27. Ra1 $6 Nd6 $14) 27... Nxc5 (27...
Re7 28. Nxa6 $16) 28. bxc5 Ne7 29. Ra1 Rb7 30. a5 $1 (30. axb5 $6 axb5 31. Ra6
Kf7 32. Na2 Ke6 33. Nb4 Kd7 34. Rba2 $14) 30... Kf7 31. Na2 Ke6 32. Nb4 Ra7 33.
f3 Kd7 (33... f5 34. gxf5+ gxf5 35. Kf2 Rh8 36. Rbb1 g5 (36... g6 37. Rh1 Rxh1
38. Rxh1 $16) 37. Rh1 Rxh1 38. Rxh1 Ra8 39. Rh6+ $16) 34. g3 (34. Kf2 Rh8 35.
Rbb1 $16) 34... Kc7 (34... Rh8 35. Raa2 Kc7 36. Rh2 Rh6 37. Rxh6 gxh6 38. Rh2
Ng8 39. e4 dxe4 40. fxe4 Kb7 41. d5 cxd5 42. exd5 $16) 35. Rh2 Raa8 36. Rh7 Rg8
37. e4 (37. Kf2 Kb7 38. e4 Rad8 39. Rd1 Rd7 40. Ke3 dxe4 41. fxe4 Re8 42. Kd3
Rxd4+ 43. Kxd4 Rd8+ 44. Nd5 cxd5 45. Ke3 Kc6 46. Rxg7 $16) 37... Rad8 38. Rd1
Kb7 39. e5 $1 (39. Kf2 g5 40. Ke3 $14) 39... fxe5 40. dxe5 d4 41. e6 $4 $15 (
41. f4 $1 Nd5 42. Rxd4 Nxb4 43. Rxb4 Rd5 44. Kf2 (44. e6 Kc7 45. e7 Kd7 46. Re4
Ke8 47. Re6 Rxc5 48. Rxg6 b4 49. Rgxg7 Rxg7 50. Rxg7 b3 51. Rg8+ Kxe7 $19)
44... Rxc5 45. Rd4 Rd5 46. Rxd5 cxd5 47. Ke3 Kc6 48. Kd4 b4 49. f5 b3 (49...
Kb5 50. e6 Ka4 51. Rxg7 Rxg7 52. f6 Rc7 53. f7 $18) 50. Kc3 gxf5 51. gxf5 Rb8
52. Kb2 d4 53. e6 d3 54. Rxg7 Rd8 55. Rd7 $18) 41... Nd5 42. Rxd4 $2 (42. Nc2
Nc7 43. e7 Rd7 44. Nxd4 Rxe7 $15) 42... Rde8 $1 $17 (42... Nxb4 $2 43. Rxb4
Rde8 44. Re4 Re7 45. f4 Kc7 46. Kg2 Rf8 47. Kh3 $16) 43. Nxd5 cxd5 44. Rxd5
Rxe6 45. Rd7+ (45. Rh2 Kc6 46. Rhd2 Rge8 47. Rg5 (47. Kf2 Re2+ $1 $19) 47... b4
$17) 45... Kc6 46. Rhxg7 Rxg7 47. Rxg7 b4 48. Kf2 (48. f4 b3 $19) 48... b3 49.
Rg8 Kc7 (49... Kxc5 $17) 50. Rg7+ Kc6 51. Rg8 Kxc5 52. Rb8 Kc4 53. f4 Rc6 $2 (
53... Kc3 $1 $17 54. f5 gxf5 55. gxf5 Rc6 56. g4 b2 57. g5 (57. Ke3 Rh6 $1 (
57... Rc4 $2 58. f6 $18) (57... Kc2 $2 58. Rxb2+ $1 (58. g5 $2 Rc3+ (58... Rc5)
59. Ke2 Rb3 60. Rc8+ Rc3 61. Rb8 Rc5 62. g6 Re5+ 63. Kf3 Rxf5+ 64. Kg4 Rf1 (
64... Rf8 65. Rxf8 (65. Rxb2+ Kxb2 66. Kg5 Kc3 67. g7 Rg8 68. Kf6 Kb4 $19)
65... b1=Q 66. Rf5 $17) 65. Kg5 b1=Q 66. Rxb1 Rxb1 67. Kf6 Kb3 $19) 58... Kxb2
59. g5 Rc5 60. Ke4 Rxa5 61. f6 Rxg5 (61... Ra1 62. f7 Re1+ 63. Kd3 Rf1 64. g6
a5 65. g7 $18) 62. f7 Rg4+ 63. Ke3 Rg3+ 64. Kf2 Rb3 65. f8=Q $18) 58. g5 Rh5 (
58... Rh3+ $1 59. Ke2 (59. Kf4 Rh4+ 60. Ke5 Rb4 $19) 59... Rh5 60. f6 Rxg5 61.
Rc8+ Kb3 62. f7 b1=Q 63. Rb8+ Rb5 64. Rxb5+ axb5 65. f8=Q Qa2+ 66. Kd3 Qxa5 67.
Qf7+ Ka3 $17) 59. f6 (59. Kf4 Rh4+ 60. Ke5 Rb4 61. Rxb4 Kxb4 62. f6 b1=Q $19)
59... Rxg5 60. f7 Rf5 61. f8=Q Rxf8 62. Rxf8 b1=Q 63. Rc8+ Kb2 64. Rb8+ Ka2 65.
Rxb1 Kxb1 66. Kd4 Kc2 67. Kc5 Kd3 68. Kb6 $18) 57... Rc5 58. f6 Rxg5 $19) 54.
f5 $2 $19 (54. g5 $1 $11 Kc3 55. g4 b2 56. f5 Kc2 57. Ke3 b1=Q 58. Rxb1 Kxb1
59. Kd4 Kb2 60. Kd5 Rc1 61. Ke6 Rc6+ 62. Kd5 $11 (62. Kf7 gxf5 63. gxf5 Rc5 64.
Kg6 Kc3 65. f6 Kd4 66. f7 Rc8 67. Kg7 Ke5 68. f8=Q Rxf8 69. Kxf8 Kf5 70. Ke7
Kxg5 71. Kd6 Kf6 $11)) 54... Kc3 (54... Rf6 55. Ke3 gxf5 56. g5 Rd6 57. Kf4
Rd4+ 58. Kxf5 Rd5+ 59. Kf6 Rb5 60. Rxb5 Kxb5 61. g6 b2 62. g7 b1=Q 63. g8=Q $11
) 55. Ke3 (55. fxg6 Rxg6 $19) 55... b2 56. fxg6 Rxg6 57. Kf4 Rc6 58. Rxb2 Kxb2
59. g5 Rc4+ 60. Kf5 Rc5+ 61. Kf6 Rxa5 62. g6 Ra4 63. Kf5 Rb4 0-1